Chemistry : A world of choices
Aimed at the non-science major, this text leads through real events in a familiar world. Each chapter moves from the macroscopic description of a familiar situation to the submicroscopic scale of the chemistry that underlies it. Once the chemistry is explained, the student is introduced to the envir...
保存先:
| 第一著者: | |
|---|---|
| フォーマット: | 図書 |
| 言語: | Undetermined |
| 出版事項: |
Boston
Mc Graw-Hill
2006
|
| 主題: | |
| タグ: |
タグ追加
タグなし, このレコードへの初めてのタグを付けませんか!
|
| Thư viện lưu trữ: | Trung tâm Học liệu Trường Đại học Cần Thơ |
|---|
| LEADER | 01096nam a2200217Ia 4500 | ||
|---|---|---|---|
| 001 | CTU_138329 | ||
| 008 | 210402s9999 xx 000 0 und d | ||
| 020 | |c 130.31 | ||
| 082 | |a 540 | ||
| 082 | |b K51 | ||
| 100 | |a Kelter, Paul B. | ||
| 245 | 0 | |a Chemistry : | |
| 245 | 2 | |b A world of choices | |
| 245 | 0 | |c Paul B. Kelter, James D. Carr, Andrew Scott | |
| 260 | |a Boston | ||
| 260 | |b Mc Graw-Hill | ||
| 260 | |c 2006 | ||
| 520 | |a Aimed at the non-science major, this text leads through real events in a familiar world. Each chapter moves from the macroscopic description of a familiar situation to the submicroscopic scale of the chemistry that underlies it. Once the chemistry is explained, the student is introduced to the environmental, economic, and social impact of that chemistry. Students are asked to critically examine the chemical choices available to individuals and society at large and to analyze the risks and benefits inherent in those choices. | ||
| 650 | |a Chemistry,Hoá học | ||
| 904 | |i Tăng Thanh Trúc | ||
| 980 | |a Trung tâm Học liệu Trường Đại học Cần Thơ | ||